00392nam a2200121Ia 4500008004100000245012900041260001700170260000900187300000900196650002300205650001200228856003000240170516s9999 xx 000 0 und d aDepletion of γ-catenin by Histone Deacetylase Inhibition Confers Elimination of CML Stem Cells in Combination with Imatinib bTheranostics c2016 a6:11 xMedical Technology xMedtech uhttp://www.thno.org/v6i11